000 00565nam a2200193 4500
010 _aA-234498
020 _a0070454833
_c00.00
035 _aA-234498
037 _aCen Lib/Ret
040 _aDPL
_bEN
082 _a503
_bMCG
245 _aMcGraw-Hill dictionary of science and engineering /
_cedited by Sybil P Parker
260 _aNew York
_bMcGraw-Hill Company
_c1984
270 _bNew York
300 _a942p.
_b22cm
650 _aScience -- Dictionaries.
650 _aTechnology -- Dictionaries.
942 _2ddc
_cEN
_h503
_mMCG
999 _c136464
_d136464